FIVB Volleyball Women's World Championship Top 4 Positions - Statistics

General Stats
  • This quiz has been taken 166 times
  • The average score is 17 of 20
Answer Stats
Campeão % Correct
Brazil
99%
United States
99%
Japan
98%
China
96%
Italy
96%
Russia
94%
Serbia
94%
Serbia and Montenegro
94%
Soviet Union
91%
Poland
90%
Netherlands
87%
South Korea
84%
Cuba
82%
Bulgaria
81%
Czechoslovakia
76%
Peru
69%
Romania
68%
East Germany
64%
Hungary
56%
North Korea
40%
No matching quizzes found
Score Distribution
Percent of People with Each Score
Percentile by Number Answered
Your Score History
You have not taken this quiz